La catharsis tragique d'Aristote

Պահպանված է:
Մատենագիտական մանրամասներ
Հիմնական հեղինակ: Nicev, Alexander
Ձևաչափ: Գիրք
Լեզու:Undetermined
Հրապարակվել է: Sofía, Bulgaria Universite de Sofía 1982
Խորագրեր:
Ցուցիչներ: Ավելացրեք ցուցիչ
Չկան պիտակներ, Եղեք առաջինը, ով նշում է այս գրառումը!

MARC

LEADER 00000nam a2200000Ia 4500
008 170316s9999 xx 000 0 und d
090 |a 100 N-3c 
100 |a Nicev, Alexander 
245 |a La catharsis tragique d'Aristote 
260 |a Sofía, Bulgaria 
260 |b Universite de Sofía 
260 |c 1982 
300 |a 175 páginas 
650 |a FILOSOFÍA 
650 |a ARISTÓTELES 
999 |c 17147  |d 17147 
040 |a cru BVZT 
942 |c 15 D  |h 100 N-3c  |2 z